<?xml version="1.0" encoding="UTF-8"?>
<record
    xmlns:xsi="http://www.w3.org/2001/XMLSchema-instance"
    xsi:schemaLocation="http://www.loc.gov/MARC21/slim http://www.loc.gov/standards/marcxml/schema/MARC21slim.xsd"
    xmlns="http://www.loc.gov/MARC21/slim">

  <leader>01202nam a2200301   4500</leader>
  <controlfield tag="001">179062</controlfield>
  <controlfield tag="003">ES-MaACL</controlfield>
  <controlfield tag="005">20240129115658.0</controlfield>
  <controlfield tag="008">110825s20092010sp aop       |||| | spa d</controlfield>
  <datafield tag="020" ind1=" " ind2=" ">
    <subfield code="a">978-84-920755-7-7</subfield>
  </datafield>
  <datafield tag="080" ind1=" " ind2=" ">
    <subfield code="a">671.4(460)"12/16"</subfield>
  </datafield>
  <datafield tag="100" ind1="1" ind2=" ">
    <subfield code="a">C&#xF3;rdoba de la Llave, Ricardo.</subfield>
    <subfield code="9">40549</subfield>
  </datafield>
  <datafield tag="245" ind1="1" ind2="0">
    <subfield code="a">Ciencia y t&#xE9;cnica monetarias en la Espa&#xF1;a bajomedieval / </subfield>
    <subfield code="c">Ricardo C&#xF3;rdoba de la Llave ; (pr&#xF3;logo de Julio Torres).</subfield>
  </datafield>
  <datafield tag="260" ind1=" " ind2=" ">
    <subfield code="a">Madrid : </subfield>
    <subfield code="b">Fundaci&#xF3;n Juanelo Turriano, </subfield>
    <subfield code="c">2009</subfield>
    <subfield code="c">, [D.L. 2010]</subfield>
  </datafield>
  <datafield tag="300" ind1=" " ind2=" ">
    <subfield code="a">406 p. : </subfield>
    <subfield code="b">il. col. y n., fot. ; </subfield>
    <subfield code="c">27 cm.</subfield>
  </datafield>
  <datafield tag="500" ind1=" " ind2=" ">
    <subfield code="a">Glosario.</subfield>
  </datafield>
  <datafield tag="500" ind1=" " ind2=" ">
    <subfield code="a">Ap&#xE9;ndice documental.</subfield>
  </datafield>
  <datafield tag="504" ind1=" " ind2=" ">
    <subfield code="a">Bibliograf&#xED;a: p. 401-406.</subfield>
  </datafield>
  <datafield tag="586" ind1=" " ind2=" ">
    <subfield code="a">III Premio Internacional Garc&#xED;a-Diego de Historia de la T&#xE9;cnica, 2007; ex aequo</subfield>
  </datafield>
  <datafield tag="650" ind1="0" ind2="7">
    <subfield code="a">Acu&#xF1;aci&#xF3;n de moneda-</subfield>
    <subfield code="z">Espa&#xF1;a.</subfield>
    <subfield code="9">9605</subfield>
  </datafield>
  <datafield tag="650" ind1=" " ind2="7">
    <subfield code="a">Casas de la moneda-</subfield>
    <subfield code="z">Espa&#xF1;a-</subfield>
    <subfield code="x">Historia.</subfield>
    <subfield code="9">147765</subfield>
  </datafield>
  <datafield tag="650" ind1=" " ind2="4">
    <subfield code="a">Moneda-</subfield>
    <subfield code="z">Espa&#xF1;a-</subfield>
    <subfield code="v">Historia.</subfield>
    <subfield code="9">147766</subfield>
  </datafield>
  <datafield tag="700" ind1="1" ind2=" ">
    <subfield code="a">Torres, Julio.</subfield>
    <subfield code="9">147767</subfield>
  </datafield>
  <datafield tag="710" ind1="2" ind2=" ">
    <subfield code="a">Fundaci&#xF3;n Juanelo Turriano.</subfield>
    <subfield code="9">4352</subfield>
  </datafield>
  <datafield tag="852" ind1=" " ind2=" ">
    <subfield code="a">ES-MaACL</subfield>
    <subfield code="9">185931</subfield>
    <subfield code="j">A-11451</subfield>
    <subfield code="b">R.146343</subfield>
    <subfield code="c">DEPO1</subfield>
    <subfield code="d">Olim: N-4455</subfield>
  </datafield>
  <datafield tag="942" ind1=" " ind2=" ">
    <subfield code="2">udc</subfield>
    <subfield code="c">MONOGRAFIA</subfield>
  </datafield>
  <datafield tag="999" ind1=" " ind2=" ">
    <subfield code="c">179062</subfield>
    <subfield code="d">179062</subfield>
  </datafield>
  <datafield tag="952" ind1=" " ind2=" ">
    <subfield code="0">0</subfield>
    <subfield code="1">0</subfield>
    <subfield code="2">udc</subfield>
    <subfield code="4">0</subfield>
    <subfield code="7">0</subfield>
    <subfield code="a">ATENEOM</subfield>
    <subfield code="b">ATENEOM</subfield>
    <subfield code="c">DEPO1</subfield>
    <subfield code="d">2011-08-25</subfield>
    <subfield code="e">COMPRA</subfield>
    <subfield code="l">0</subfield>
    <subfield code="o">A-11451</subfield>
    <subfield code="p">1188095</subfield>
    <subfield code="r">2023-02-23 00:00:00</subfield>
    <subfield code="w">2023-02-23</subfield>
    <subfield code="y">MONOGRAFIA</subfield>
  </datafield>
</record>
